McGraw-Hill science. (Record no. 16613)

000 -LEADER
fixed length control field 01018nam a2200265Ia 4500
020 ## - INTERNATIONAL STANDARD BOOK NUMBER
ISBN 0022781986
020 ## - INTERNATIONAL STANDARD BOOK NUMBER
ISBN 0022776192 (resources bk.)
020 ## - INTERNATIONAL STANDARD BOOK NUMBER
ISBN 0022777385 (assessment bk.)
040 ## - CATALOGING SOURCE
Transcribing agency CSU
082 ## - DEWEY DECIMAL CLASSIFICATION NUMBER
Classification number 500 HIL 2000 A111 Or.
245 00 - TITLE STATEMENT
Title McGraw-Hill science.
Remainder of title being you /
246 30 - VARYING FORM OF TITLE
Title proper/short title Human body :
Remainder of title being you
250 ## - EDITION STATEMENT
Edition statement Macmillan/McGraw-Hill ed
260 ## - PUBLICATION, DISTRIBUTION, ETC. (IMPRINT)
Place of publication New York, N.Y. :
Name of publisher McGraw-Hill School Division,
Year of publication c2000
300 ## - PHYSICAL DESCRIPTION
Number of Pages vi, p. 241-272, 32 p. :
Other physical details col. ill. ;
Dimensions 28 cm. +
Accompanying material 1 teacher resources book (62 p. : ill.) + 1 assessment book (19 p.)
500 ## - GENERAL NOTE
General note "Invitation to Science, World of Science, and FUNtastic Facts features found in this textbook were designed and developed by the National Geographic Society's Education Division"--P. iv
500 ## - GENERAL NOTE
General note Includes index and glossary
650 #0 - SUBJECT ADDED ENTRY--TOPICAL TERM
Topical Term Human anatomy
650 #0 - SUBJECT ADDED ENTRY--TOPICAL TERM
Topical Term Human growth
650 #0 - SUBJECT ADDED ENTRY--TOPICAL TERM
Topical Term Human body
650 #4 - SUBJECT ADDED ENTRY--TOPICAL TERM
Topical Term Curmats
700 1# - ADDED ENTRY--PERSONAL NAME
Personal name Moyer, Richard
710 2# - ADDED ENTRY--CORPORATE NAME
Corporate name or jurisdiction name as entry element National Geographic Society (U.S.).
942 ## - ADDED ENTRY ELEMENTS (KOHA)
Koha item type សៀវភៅភាសាអង់គ្លេស
952 ## - LOCATION AND ITEM INFORMATION (KOHA)
Withdrawn status [LOCAL, KOHA] 0
Holdings
Permanent Location Date acquired Koha item type Lost status Shelving location Barcode Current Location Full call number
Library Block A2018-03-13សៀវភៅភាសាអង់គ្លេស A106A18300Library Block A500 HIL 2000 A106 Or.
មជ្ឈមណ្ឌលឯការនៃសាកលវិទ្យាល័យភូមិន្ទកសិកម្មចំការដូង

Powered by Koha